Fußball: Das große Quiz zu 60 Jahren Bundesliga - Statistiken

Allgemein
  • Dieses Quiz wurde 245 mal gespielt
  • Das Durchschnittsergebnis liegt bei 39 aus 60
Antwortstatistiken
Saison Frage Antwort % Korrekt
2019/20 Zum ersten Mal fand mit der Partie Gladbach gegen Köln ein Bundesligaspiel ohne Zuschauer statt. Wie wurden solche Spiele in der Pandemiezeit bezeichnet? {Geister}spiel
89%
2021/22 Welcher deutsche Nationalspieler gewann seine 11. Deutsche Meisterschaft und wurde damit zum alleinigen Rekordhalter? Thomas Müller
89%
2012/13 Bayern München spielte eine Saison der Rekorde und stand bereits nach welchem Spieltag als Meister fest? 28.
87%
2015/16 Wer schoss in einem Spiel gegen den VfL Wolfsburg fünf Tore innerhalb von neun Minuten? Robert Lewandowski
87%
2016/17 Nenne einen der beiden Vereine, die wie so häufig in ihrer zweiten Saison nach dem Aufstieg Schwierigkeiten bekamen und abstiegen (Tipp: Beide enden auf -stadt). SV Darmstadt 98 | FC Ingolstadt
87%
2020/21 Welcher Verein stellte zu Saisonbeginn einen Negativrekord mit sechs Niederlagen in Folge auf, schaffte aber mit Trainer Bo Svensson noch den Klassenerhalt? 1. FSV Mainz 05
85%
2011/12 Welcher Verein aus Bayern spielte seine erste Saison überhaupt in der Bundesliga, schaffte mit Platz 14 den Klassenerhalt und ist auch seitdem nie abgestiegen? FC Augsburg
85%
2010/11 Unter welchem Trainer wurde Borussia Dortmund mit 7 Punkten Vorsprung vor Bayer Leverkusen Deutscher Meister? Jürgen Klopp
85%
2022/23 Welcher Verein setzte in seinem vierten Erstligajahr seinen stetigen Aufstieg fort und war in der Hinrunde sogar für sieben Spieltage Tabellenführer? Union Berlin
84%
2008/09 Zum ersten Mal seit 1970 konnte ein Verein seine erste Meisterschaft gewinnen ... Welcher? VfL Wolfsburg
84%
2017/18 Welchen italienischen Trainer entließ Bayern München und ersetzte ihn mit Jupp Heynckes, der den Club zur sechsten Meisterschaft in Folge führte? Carlo Ancelotti
83%
2018/19 Welcher Spieler von Werder Bremen wurde mit 40 Jahren und 227 Tagen zum ältesten Torschützen der Bundesliga-Geschichte? Claudio Pizarro
83%
2000/01 Nachdem Schalke 04 schon vier Minuten lang die Meisterschaft gefeiert hatte, änderte ein spätes Tor von Patrik Andersson für Bayern München alles. Wie wurde Schalke deshalb bezeichnet? Meister der {Herzen}
83%
2013/14 Welcher Verein musste erstmals in die Relegation und setzte sich nur dank der Auswärtstorregel gegen den Zweitliga-Dritten Greuther Fürth durch? Hamburger SV
82%
1965/66 Welcher Berliner Verein spielte mit nur zwei gewonnen Spielen die schlechteste Bundesligasaison aller Zeiten? Tasmania
82%
1968/69 Negativrekord: Auf welchem Tabellenplatz landete Vorjahresmeister 1. FC Nürnberg? 17
80%
2003/04 Welcher brasilianische Stürmer wurde Torschützenkönig und gewann mit Werder Bremen Meisterschaft und Pokal? Ailton
80%
1967/68 Was durfte seit dieser Saison einmal pro Spiel vorgenommen werden? Auswechslung
77%
2006/07 Nenne einen der Spieler, die in dieser Saison mindestens sieben Tore für Meister VfB Stuttgart erzielten. Mario Gomez | Cacau | Thomas Hitzlsperger | Roberto Hilbert
75%
2002/03 Leverkusen, im letzten Jahr noch fast Meister, belegte am Ende nur Platz 15. Nenne einen der beiden Spieler, die vor der Saison von Leverkusen zu Bayern München gewechselt waren. Michael Ballack | Zé Roberto
75%
1980/81 In dieser Saison kamen 10 der 18 Mannschaften aus demselben Bundesland - so viele wie nie. Aus welchem? Nordrhein-Westfalen
75%
1993/94 Im Spiel gegen Nürnberg wurde Bayern München ein Tor durch Thomas Helmer zuerkannt, bei dem der Ball gar nicht im Tor war. Wie wurde dieses Tor bezeichnet? {Phantom}tor
74%
1983/84 Das Meisterschaftsrennen war eng wie nie, das Torverhältnis musste entscheiden. Nenne einen der Vereine, die am Ende punktgleich auf den ersten drei Plätzen standen. VfB Stuttgart | Hamburger SV | Borussia Mönchengladbach
74%
1989/90 Jørn Andersen von Eintracht Frankfurt wurde der erste ausländische Bundesliga-Torschützenkönig. Aus welchem Land stammt er? Norwegen
73%
1981/82 Aufgrund einer Kooperationsvereinbarung kamen in dieser Saison erstmals Schiedsrichter aus welchem Nachbarland in der Bundesliga zum Einsatz? Schweiz
72%
1969/70 In welcher Stadt wurde gegen den 1. FC Köln mit 88.075 Zuschauern der bis heute gültige Besucherrekord für ein Bundesligaspiel aufgestellt? Berlin
71%
2004/05 Welcher Verein stieg nach zehn Jahren Bundesliga in Folge ab, wodurch erstmals kein ostdeutscher Verein mehr in der Liga verblieb? Hansa Rostock
71%
1976/77 Im bislang einzigen Bundesligaspiel, in dem eine Mannschaft einen 0:4-Rückstand noch in einen Sieg umwandeln konnte, gewann Bayern München mit 6:5 bei welchem Ruhrgebietsverein? VfL Bochum
69%
1977/78 Mit welchem Rekordergebnis endete am letzten Spieltag der Saison das Spiel zwischen Borussia Mönchengladbach und Borussia Dortmund? 12:0
68%
1997/98 Welcher Trainer führte den 1. FC Kaiserslautern als Aufsteiger sensationell zur Meisterschaft? Otto Rehhagel
68%
2005/06 Wer trat nach 13 Jahren als Manager von Schalke 04 zurück? Rudi Assauer
68%
1995/96 Neben der Drei-Punkte-Regel wurde zu dieser Saison eingeführt, dass jeder Spieler eines Vereins eine feste ____________ trägt. Rückennummer
66%
1970/71 Was brach beim Spiel Borussia Mönchengladbach gegen Werder Bremen, so dass das Spiel abgebrochen und für Bremen gewertet wurde? Torpfosten
66%
1964/65 Welcher 7-malige Meister wurde Letzter, konnte aber erstklassig bleiben, weil die Liga auf 18 Teams aufgestockt wurde? FC Schalke 04
62%
2014/15 Unter welchem Trainer erreichte Borussia Mönchengladbach mit Platz 3 seine beste Platzierung seit 1987? Lucien Favre
62%
1963/64 Das erste Tor der Bundesliga-Geschichte, von dem kein Filmmaterial vorhanden ist, schoss welcher Timo für Dortmund? Konietzka
61%
1990/91 Welcher Verein, der die Vorsaison nur zwei Punkte vor der Abstiegszone beendet hatte, wurde überraschend Deutscher Meister? 1. FC Kaiserslautern
60%
1975/76 Welcher Verein erzielte – auch dank Stürmer Bernd Hölzenbein – die meisten Tore in der Liga, wurde aber nur 9.? Eintracht Frankfurt
60%
1988/89 In welcher Fernsehsendung kam es im Zuge des Kampfes um die Meisterschaft zwischen Bayern und Köln zu einer heftigen Auseinandersetzung zwischen Uli Hoeneß, Jupp Heynckes und Christoph Daum? Das aktuelle Sportstudio
59%
2007/08 Durch welche Regelung qualifizierte sich Hertha BSC für den UEFA-Pokal, obwohl sie nur 10. wurden? {Fair-Play}-Wertung
56%
1974/75 Welcher Stürmer, der später ein sehr erfolgreicher Trainer werden sollte, wurde zum zweiten Mal in Folge Torschützenkönig? Jupp Heynckes
56%
2001/02 Was druckte der FC St. Pauli nach einem Sieg gegen Bayern München auf T-Shirts? {Weltpokal}siegerbesieger
56%
1994/95 Welcher Spieler von Borussia Dortmund holte im Spiel gegen den Karlsruher SC einen Elfmeter mit einer offensichtlichen Schwalbe heraus, für die er nachträglich gesperrt wurde? Andreas Möller
55%
1996/97 Welcher Spieler, der mit seinen Toren maßgeblich dazu beitrug, dass Bayer Leverkusen zum ersten Mal Vizemeister wurde, gewann die Torjägerkanone? Ulf Kirsten
55%
1991/92 Durch eine Niederlage am letzten Spieltag verpasste Eintracht Frankfurt noch die Meisterschaft und wurde nur Dritter hinter dem VfB Stuttgart und Borussia Dortmund. Nenne einen der damaligen Trainer dieser drei Vereine. Christoph Daum | Ottmar Hitzfeld | Dragoslav Stepanovic
54%
2009/10 Wer wurde bei Hertha BSC Nachfolger von Manager Dieter Hoeneß und musste gleich als Tabellenletzter absteigen? Michael {Preetz}
53%
1982/83 Unter welchem österreichischen Trainer gewann der Hamburger SV seine zweite Meisterschaft in Folge sowie den Europapokal der Landesmeister? Ernst Happel
49%
1978/79 Welcher Weltmeister wechselte vor der Saison für eine Rekord-Ablösesumme von 1,75 Millionen Mark von Eintracht Braunschweig zurück zu Bayern München? Paul Breitner
49%
1972/73 Aufgrund welches Ereignisses begann die Saison erst am 16. September, so spät wie nie? Olympische Spiele
46%
1999/00 Welcher Verein, der nur dieses eine Jahr in der Bundesliga spielte, erhielt in einem Spiel gegen Hansa Rostock die Rekordzahl von vier Platzverweisen? SSV Ulm
46%
1979/80 Welcher Meistertrainer wechselte vor Saisonbeginn von Borussia Mönchengladbach zu Borussia Dortmund? Udo Lattek
46%
1971/72 Welchem Verein wurden aufgrund des Bundesliga-Skandals der Vorsaison alle Punkte aberkannt und die Lizenz entzogen? Arminia Bielefeld
45%
1973/74 Der Hamburger SV war der erste Verein, der offiziell mit Trikotwerbung in der Bundesliga auflief. Für welche italienische Spirituose wurde geworben? C{ampari}
41%
1992/93 Welchen Slogan trugen alle 18 Vereine am letzten Spieltag der Hinrunde angesichts zunehmender Ausschreitungen in dieser Zeit statt des üblichen Sponsorschriftzugs auf der Trikotbrust? Mein Freund ist {Ausländer}
41%
1984/85 Das Spiel zwischen Gladbach und Bayern war das erste Bundesligaspiel, das in voller Länge live im Fernsehen übertragen wurde. Wer war der Kommentator? Heribert {Faßbender}
39%
1998/99 Welcher Norweger rettete Eintracht Frankfurt am letzten Spieltag mit seinem Tor zum 5:1 gegen Kaiserslautern, so dass Nürnberg, das vor dem Spieltag noch auf Platz 12 stand, abstieg. Jan Åge Fjørtoft
37%
1987/88 Welcher vor der Saison von Blau-Weiß 90 Berlin verpflichtete Stürmer trug mit 18 Toren maßgeblich zum Titelgewinn von Werder Bremen bei? Karl-Heinz {Riedle}
34%
1986/87 Welcher Schiedsrichter, der später Leiter der DFB-Schiedsrichterabteilung wurde, pfiff seine ersten Bundesligaspiele? Hellmut {Krug}
33%
1966/67 Welcher Trainer wurde nach einer Spielerrevolte aufgrund seiner schlechten Behandlung der Spieler bei 1860 München entlassen? Max Merkel
33%
1985/86 Wer verschoss am vorletzten Spieltag gegen Bayern München einen Elfmeter, der seinen Verein Werder Bremen zum Meister hätte machen können? Michael {Kutzop}
30%
Keine übereinstimmenden Quizze gefunden
Verteilung der Resultate
Anzahl Personen mit jedem Resultat
Perzentil nach korrekt beantworteten Fragen
Ihre Resultats-Entwicklung
Sie haben dieses Quiz noch nicht gespielt